| 000 | 00346nam a2200157Ia 4500 | ||
|---|---|---|---|
| 003 | Ost | ||
| 005 | 20260225132539.0 | ||
| 008 | 260225s9999||||xx |||||||||||||| ||und|| | ||
| 040 | _cfsic | ||
| 041 | _afre | ||
| 082 | _a303.6 | ||
| 100 |
_aMonsieur x _eAuteur |
||
| 245 | 0 | _aMémoires secrètes / | |
| 245 | 0 | _cMonsieur x | |
| 942 |
_cكتاب _2ddc |
||
| 999 |
_c33417 _d33417 |
||